<?xml version="1.0" encoding="UTF-8"?>
<record
    xmlns:xsi="http://www.w3.org/2001/XMLSchema-instance"
    xsi:schemaLocation="http://www.loc.gov/MARC21/slim http://www.loc.gov/standards/marcxml/schema/MARC21slim.xsd"
    xmlns="http://www.loc.gov/MARC21/slim">

  <leader>03533cam a22004575i 4500</leader>
  <controlfield tag="001">21711503</controlfield>
  <controlfield tag="003">OSt</controlfield>
  <controlfield tag="005">20231208100528.0</controlfield>
  <controlfield tag="008">200909s2019    nyuabf   b    001 0 eng c</controlfield>
  <datafield tag="010" ind1=" " ind2=" ">
    <subfield code="a">  2020302540</subfield>
  </datafield>
  <datafield tag="020" ind1=" " ind2=" ">
    <subfield code="a">9789382616979</subfield>
  </datafield>
  <datafield tag="020" ind1=" " ind2=" ">
    <subfield code="a">9780062978066</subfield>
    <subfield code="q">(pbk.)</subfield>
  </datafield>
  <datafield tag="020" ind1=" " ind2=" ">
    <subfield code="a">0062978063</subfield>
    <subfield code="q">(pbk.)</subfield>
  </datafield>
  <datafield tag="035" ind1=" " ind2=" ">
    <subfield code="a">(OCoLC)on1121427865</subfield>
  </datafield>
  <datafield tag="040" ind1=" " ind2=" ">
    <subfield code="a">LNC</subfield>
    <subfield code="b">eng</subfield>
    <subfield code="e">rda</subfield>
    <subfield code="c">LNC</subfield>
    <subfield code="d">BDX</subfield>
    <subfield code="d">BKL</subfield>
    <subfield code="d">NYP</subfield>
    <subfield code="d">CNWPU</subfield>
    <subfield code="d">LMJ</subfield>
    <subfield code="d">OCLCF</subfield>
    <subfield code="d">IAK</subfield>
    <subfield code="d">DLC</subfield>
  </datafield>
  <datafield tag="042" ind1=" " ind2=" ">
    <subfield code="a">pcc</subfield>
  </datafield>
  <datafield tag="043" ind1=" " ind2=" ">
    <subfield code="a">a-ii---</subfield>
  </datafield>
  <datafield tag="050" ind1="0" ind2="0">
    <subfield code="a">DS480.84</subfield>
    <subfield code="b">.G74 2019</subfield>
  </datafield>
  <datafield tag="082" ind1=" " ind2=" ">
    <subfield code="a">954.04</subfield>
    <subfield code="b">GUH/R</subfield>
  </datafield>
  <datafield tag="100" ind1="1" ind2=" ">
    <subfield code="a">Guha, Ramachandra</subfield>
    <subfield code="e">author.</subfield>
    <subfield code="9">118</subfield>
  </datafield>
  <datafield tag="245" ind1="1" ind2="0">
    <subfield code="a">India after Gandhi :</subfield>
    <subfield code="b">the history of the world's largest democracy /</subfield>
    <subfield code="c">Ramachandra Guha</subfield>
  </datafield>
  <datafield tag="250" ind1=" " ind2=" ">
    <subfield code="a">10th anniversary edition</subfield>
  </datafield>
  <datafield tag="250" ind1=" " ind2=" ">
    <subfield code="a">Updated and expanded</subfield>
  </datafield>
  <datafield tag="250" ind1=" " ind2=" ">
    <subfield code="a">Second Ecco paperback edition</subfield>
  </datafield>
  <datafield tag="264" ind1=" " ind2="1">
    <subfield code="a">New York, NY :</subfield>
    <subfield code="b">Ecco, an imprint of HarperCollinsPublishers,</subfield>
    <subfield code="c">2019</subfield>
  </datafield>
  <datafield tag="300" ind1=" " ind2=" ">
    <subfield code="a">xxxiv, 919 pages, 32 unnumbered pages of plates :</subfield>
    <subfield code="b">illustrations, maps ;</subfield>
    <subfield code="c">23 cm</subfield>
  </datafield>
  <datafield tag="336" ind1=" " ind2=" ">
    <subfield code="a">text</subfield>
    <subfield code="b">txt</subfield>
    <subfield code="2">rdacontent</subfield>
  </datafield>
  <datafield tag="337" ind1=" " ind2=" ">
    <subfield code="a">unmediated</subfield>
    <subfield code="b">n</subfield>
    <subfield code="2">rdamedia</subfield>
  </datafield>
  <datafield tag="338" ind1=" " ind2=" ">
    <subfield code="a">volume</subfield>
    <subfield code="b">nc</subfield>
    <subfield code="2">rdacarrier</subfield>
  </datafield>
  <datafield tag="500" ind1=" " ind2=" ">
    <subfield code="a">"Revised and updated"--Cover.</subfield>
  </datafield>
  <datafield tag="504" ind1=" " ind2=" ">
    <subfield code="a">Includes bibliographical references (pages 787-881) and index</subfield>
  </datafield>
  <datafield tag="505" ind1="0" ind2=" ">
    <subfield code="a">Preface to the second edition -- Prologue: Unnatural nation -- Part 1: Picking up the pieces. Freedom and parricide ; The logic of division ; Apples in the basket ; A valley bloody and beautiful ; Refugees and the Republic ; Ideas of India -- Part 2: Nehru's India. The biggest gamble in history ; Home and the world ; Redrawing the map ; The conquest of nature ; The law and the prophets ; Securing Kashmir ; Tribal trouble -- Part 3: Shaking the centre. The southern challenge ; The experience of defeat ; Peace in our time ; Minding the minorities -- Part 4: The rise of populism. War and succession ; Leftward turns ; The elixir of victory ; The rivals ; Autumn of the matriarch ; Life without the Congress ; Democracy in disarray ; This son also rises -- Part 5: A history of events. Rights and riots ; A multi-polar polity ; Rulers and riches ; Progress and its discontents ; The rise of the "BJP system" -- Epilogue: A 50-50 democracy.</subfield>
  </datafield>
  <datafield tag="520" ind1=" " ind2=" ">
    <subfield code="a">Born in privation and civil war, divided by caste, class, language and religion, independent India emerged, somehow, as a united and democratic country. This book tells the full story, the pain and the struggle, the humiliations and the glories, of the world's largest and least likely democracy. The author, a social historian writes of the protests and conflicts that have peppered the history of free India, but also of the factors and processes that have kept the country together (and kept it democratic), defying numerous prophets of doom who believed that it would break up or come under autocratic rule. This story of modern India is peopled with extraordinary characters: the author gives fresh insights on the lives and public careers of the long-serving prime ministers, but also writes about the major provincial leaders and other lesser known (though not necessarily less important) Indians, peasants, tribals, women, workers and musicians.</subfield>
  </datafield>
  <datafield tag="648" ind1=" " ind2="7">
    <subfield code="a">Since 1947</subfield>
    <subfield code="2">fast</subfield>
  </datafield>
  <datafield tag="651" ind1=" " ind2="0">
    <subfield code="a">India</subfield>
    <subfield code="x">History</subfield>
    <subfield code="y">1947-</subfield>
  </datafield>
  <datafield tag="651" ind1=" " ind2="7">
    <subfield code="a">India.</subfield>
    <subfield code="2">fast</subfield>
    <subfield code="0">(OCoLC)fst01210276</subfield>
  </datafield>
  <datafield tag="655" ind1=" " ind2="7">
    <subfield code="a">History.</subfield>
    <subfield code="2">fast</subfield>
    <subfield code="0">(OCoLC)fst01411628</subfield>
  </datafield>
  <datafield tag="906" ind1=" " ind2=" ">
    <subfield code="a">7</subfield>
    <subfield code="b">cbc</subfield>
    <subfield code="c">pccadap</subfield>
    <subfield code="d">1</subfield>
    <subfield code="e">ncip</subfield>
    <subfield code="f">20</subfield>
    <subfield code="g">y-gencatlg</subfield>
  </datafield>
  <datafield tag="942" ind1=" " ind2=" ">
    <subfield code="2">ddc</subfield>
    <subfield code="c">BK</subfield>
    <subfield code="h">954.04</subfield>
    <subfield code="i">GUH/I</subfield>
    <subfield code="k">954.04</subfield>
    <subfield code="m">GUH/I</subfield>
  </datafield>
  <datafield tag="952" ind1=" " ind2=" ">
    <subfield code="0">0</subfield>
    <subfield code="1">0</subfield>
    <subfield code="2">ddc</subfield>
    <subfield code="4">0</subfield>
    <subfield code="7">0</subfield>
    <subfield code="8">HISTORY</subfield>
    <subfield code="a">MES</subfield>
    <subfield code="b">MES</subfield>
    <subfield code="c">HIS</subfield>
    <subfield code="d">2023-12-08</subfield>
    <subfield code="l">0</subfield>
    <subfield code="o">954.04 GUH/R</subfield>
    <subfield code="p">43888</subfield>
    <subfield code="r">2023-12-08 10:03:37</subfield>
    <subfield code="v">999.00</subfield>
    <subfield code="w">2023-12-08</subfield>
    <subfield code="y">BK</subfield>
    <subfield code="z">GL37R3</subfield>
  </datafield>
  <datafield tag="999" ind1=" " ind2=" ">
    <subfield code="c">43711</subfield>
    <subfield code="d">43711</subfield>
  </datafield>
</record>
